000 00366pab a2200145 454500
008 180718b2001 xxu||||| |||| 00| 0 eng d
100 _aCullet, Philippe
245 _aPatent Bill, TRIPs and right to health
260 _c2001
300 _ap.4049-051
362 _a27 Oct
650 _aHealth services
773 _aEconomic and Political Weekly
909 _a50371
999 _c50371
_d50371